Peníze v moderní kultuře a jiné eseje
Na minha lista:
| Autor principal: | |
|---|---|
| Outros Autores: | |
| Formato: | Livro |
| Idioma: | tcheco |
| Publicado em: |
Praha
Sociologické nakladatelství
2006
|
| Edição: | 2. vyd. |
| Colecção: | Klasická sociologická tradice
1. sv. |
| Assuntos: | |
| Tags: |
Sem tags, seja o primeiro a adicionar uma tag!
|
MARC
| LEADER | 00000nam$a2200000$$$4500 | ||
|---|---|---|---|
| 001 | 0074058 | ||
| 005 | 20231215114914.4 | ||
| 020 | |a 80-86429-59-8 | ||
| 041 | 0 | |a cze | |
| 044 | |a CZ | ||
| 245 | 1 | 0 | |a Peníze v moderní kultuře a jiné eseje |c Georg Simmel ; přeložil: Otakar Vochoč |
| 250 | |a 2. vyd. | ||
| 264 | 1 | |a Praha |b Sociologické nakladatelství |c 2006 | |
| 300 | |a 206 s. | ||
| 490 | 1 | |a Klasická sociologická tradice |v 1. sv. | |
| 830 | 0 | |a Klasická sociologická tradice |v 1. sv. | |
| 610 | 2 | 0 | |a peniaze |
| 610 | 2 | 0 | |a kultúra |
| 610 | 2 | 0 | |a psychológia |
| 610 | 2 | 0 | |a konflikty |
| 610 | 2 | 0 | |a civilizácia |
| 610 | 2 | 0 | |a sociológia |
| 610 | 2 | 0 | |a vývoj spoločenský |
| 100 | 1 | |a Simmel, Georg | |
| 700 | 1 | |a Vochoč, Otakar | |